Essentials of physical anthropology : Discovering our origins
Essentials of Physical Anthropology, Second Edition, uses smart pedagogy and engaging visual tools to help students focus on the most important themes of physical anthropology
Tallennettuna:
| Päätekijä: | |
|---|---|
| Aineistotyyppi: | Kirja |
| Kieli: | Undetermined |
| Julkaistu: |
New York
W.W. Norton & Company
2013
|
| Aiheet: | |
| Tagit: |
Lisää tagi
Ei tageja, Lisää ensimmäinen tagi!
|
| Thư viện lưu trữ: | Trung tâm Học liệu Trường Đại học Cần Thơ |
|---|
| LEADER | 00807nam a2200217Ia 4500 | ||
|---|---|---|---|
| 001 | CTU_217483 | ||
| 008 | 210402s9999 xx 000 0 und d | ||
| 020 | |c 110.46 | ||
| 082 | |a 599.9 | ||
| 082 | |b L334 | ||
| 100 | |a Larsen, Clark Spencer | ||
| 245 | 0 | |a Essentials of physical anthropology : | |
| 245 | 0 | |b Discovering our origins | |
| 245 | 0 | |c Clark Spencer Larsen | |
| 260 | |a New York | ||
| 260 | |b W.W. Norton & Company | ||
| 260 | |c 2013 | ||
| 520 | |a Essentials of Physical Anthropology, Second Edition, uses smart pedagogy and engaging visual tools to help students focus on the most important themes of physical anthropology | ||
| 650 | |a Nhân chủng học vật lý,Physical anthropology | ||
| 904 | |i Trinh, Sang, Tuyến | ||
| 980 | |a Trung tâm Học liệu Trường Đại học Cần Thơ | ||